[Event "15th LCC Super Rapid 2025"]
[Site "London ENG"]
[Date "2025.12.07"]
[Round "9.11"]
[White "Shetty, Atulya"]
[Black "Grutter, Tim"]
[Result "1/2-1/2"]
[WhiteTitle "IM"]
[BlackTitle "IM"]
[WhiteElo "2455"]
[BlackElo "2399"]
[WhiteFideId "2031213"]
[BlackFideId "1057472"]
[EventDate "2025.12.06"]

1. c4 Nf6 2. g3 g6 3. Bg2 Bg7 4. Nf3 O-O 5. O-O d6 6. Nc3 e5 7. d3 a5 8. b3 c6
9. Bb2 Re8 10. Rc1 Bf5 11. e3 Na6 12. Qe2 Nc5 13. Rfd1 Nxd3 14. Ra1 e4 15. Rxd3
exd3 16. Qd1 Ne4 17. Na4 Bxb2 18. Nxb2 Qf6 19. Nd4 c5 20. Nxf5 Qxb2 21. Bxe4
Rxe4 22. Nxd6 Re6 23. Nb5 Rf6 24. f4 a4 25. Rb1 Qxa2 26. Qxd3 axb3 27. Rxb3 Qa5
28. Nc3 Qa1+ 29. Rb1 Qa3 30. Qc2 Rd6 31. Kf2 Re8 32. Rb3 Rd2+ 33. Qxd2 Qxb3 34.
Nd5 Kg7 35. Qc1 f6 36. g4 b5 37. Nc7 Re7 38. Nxb5 Rd7 39. g5 Rd1 40. gxf6+ Kf7
41. Qc3 Qa2+ 42. Kf3 Rf1+ 43. Ke4 Qa8+ 44. Ke5 Qe8+ 45. Kd5 Rd1+ 46. Kxc5 Qc8+
47. Kb6 Qd8+ 48. Kc5 Qc8+ 49. Kb6 Qe6+ 50. Kc5 Qc8+ 51. Kb6 Qb8+ 52. Kc5 Qf8+
53. Kb6 Qd8+ 54. Kc5 Qc8+ 55. Kb6 Qb8+ 56. Kc5 Qc8+ 57. Kb6 1/2-1/2

[Event "15th LCC Super Rapid 2025"]
[Site "London ENG"]
[Date "2025.12.07"]
[Round "9.12"]
[White "Stefanova, Antoaneta"]
[Black "Iniyan, Pa"]
[Result "1-0"]
[WhiteTitle "GM"]
[BlackTitle "GM"]
[WhiteElo "2391"]
[BlackElo "2601"]
[WhiteFideId "2902257"]
[BlackFideId "25002767"]
[EventDate "2025.12.06"]

1. d4 Nf6 2. Nf3 b6 3. g3 Bb7 4. Bg2 c5 5. c3 e6 6. O-O Be7 7. Nbd2 Qc7 8. Re1
Nc6 9. e4 cxd4 10. Nxd4 h5 11. e5 Ng4 12. Nb5 Qb8 13. Ne4 O-O 14. Nbd6 Ngxe5 15.
Nxb7 Qxb7 16. Qxh5 f6 17. Ng5 fxg5 18. Rxe5 Bc5 19. Be3 Rf6 20. Rxg5 d5 21. c4
Raf8 22. cxd5 Bxe3 23. fxe3 Ne7 24. d6 Nd5 25. Rxd5 Rf2 26. Be4 R8f6 27. d7 1-0

[Event "15th LCC Super Rapid 2025"]
[Site "London ENG"]
[Date "2025.12.07"]
[Round "9.13"]
[White "Tica, Sven"]
[Black "Aghayev, Miragha"]
[Result "0-1"]
[WhiteTitle "IM"]
[BlackTitle "IM"]
[WhiteElo "2441"]
[BlackElo "2430"]
[WhiteFideId "14526948"]
[BlackFideId "818070"]
[EventDate "2025.12.06"]

1. d4 Nf6 2. Nf3 d5 3. g3 c5 4. dxc5 e6 5. Bg2 Bxc5 6. O-O O-O 7. a3 a5 8. Nc3
Nc6 9. Bg5 h6 10. Bxf6 Qxf6 11. e4 d4 12. Nb5 Rd8 13. Qe2 e5 14. Rfd1 Qe7 15. c3
Bg4 16. a4 dxc3 17. bxc3 Rxd1+ 18. Rxd1 Rd8 19. Rd5 Be6 20. Rxd8+ Qxd8 21. Nd2
Na7 22. Nxa7 Bxa7 23. Bf1 Qd7 24. Qd1 Bb3 25. Bb5 Qxb5 26. Nxb3 Qxa4 27. Qd8+
Kh7 28. Qd5 Bb6 29. Nd2 f6 30. Nc4 Qa2 31. Nxb6 Qb1+ 32. Kg2 Qxb6 33. f4 Qb2+
34. Kh3 Qxc3 35. Kg4 Qc8+ 36. f5 a4 37. Kh4 a3 38. Qb3 Qc5 39. Qf7 Qc8 40. g4 b5
41. Kh5 Kh8 42. h4 a2 43. g5 a1=Q 44. Kg6 Qg8 45. h5 Qxf7+ 0-1

[Event "15th LCC Super Rapid 2025"]
[Site "London ENG"]
[Date "2025.12.07"]
[Round "9.14"]
[White "Pranav, Anand"]
[Black "Gaal, Zsoka"]
[Result "1-0"]
[WhiteTitle "GM"]
[BlackTitle "IM"]
[WhiteElo "2581"]
[BlackElo "2383"]
[WhiteFideId "46626786"]
[BlackFideId "777765"]
[EventDate "2025.12.06"]

1. e4 e6 2. d4 d5 3. e5 c5 4. c3 Nc6 5. Nf3 Bd7 6. Be2 Nge7 7. O-O Ng6 8. Na3
Be7 9. Nc2 O-O 10. Bd3 cxd4 11. cxd4 Qe8 12. Re1 f6 13. exf6 Bxf6 14. Bd2 Qf7
15. Bc3 Nh4 16. Qe2 Rae8 17. Ne5 Bxe5 18. dxe5 Ng6 19. Qe3 Nf4 20. Bf1 Qg6 21.
Rac1 Rc8 22. Qg3 Be8 23. Bd2 Qxg3 24. hxg3 Ng6 25. Nd4 Bf7 26. Nxc6 Rxc6 27.
Rxc6 bxc6 28. b4 Ne7 29. Be3 Nf5 30. Bc5 Rd8 31. g4 Nh6 32. f3 Bg6 33. a4 Nf7
34. a5 d4 35. f4 Bc2 36. Re2 d3 37. Rd2 a6 38. Kf2 g5 39. g3 Nh6 40. Kf3 Rd5 41.
Bh3 Bb1 42. Ke4 Bc2 43. Be7 Nf7 44. Bf1 Rd7 45. Bc5 Nh6 46. fxg5 Nf7 47. Kf4 Rd5
48. Bg2 Rxe5 49. Bxc6 Re1 50. b5 e5+ 51. Kf3 axb5 52. a6 Ra1 53. a7 b4 54. a8=Q+
Rxa8 55. Bxa8 b3 56. Ba3 Kg7 57. Ke3 Nxg5 58. Bb2 Nf7 59. Bd5 Kf6 60. Rf2+ 1-0

[Event "15th LCC Super Rapid 2025"]
[Site "London ENG"]
[Date "2025.12.07"]
[Round "9.15"]
[White "Noy, Eyal"]
[Black "Tulchynskyi, Feliks"]
[Result "1-0"]
[WhiteTitle "FM"]
[BlackTitle "IM"]
[WhiteElo "2275"]
[BlackElo "2409"]
[WhiteFideId "2821117"]
[BlackFideId "34127895"]
[EventDate "2025.12.06"]

1. e4 c5 2. Nf3 e6 3. d4 cxd4 4. Nxd4 a6 5. c4 Nf6 6. Nc3 Bb4 7. Qf3 d6 8. Nc2
Bc5 9. Be3 Nc6 10. O-O-O Qe7 11. h3 O-O 12. g4 Nd7 13. h4 b5 14. cxb5 axb5 15.
Bxb5 Nce5 16. Qe2 Bb7 17. f4 Nc6 18. Qd2 Rfd8 19. g5 Bxe3 20. Nxe3 Nc5 21. Bxc6
Bxc6 22. Qc2 Rdc8 23. Rd4 Qa7 24. Rhd1 Nxe4 25. Rxe4 Bxe4 26. Qxe4 d5 27. Qd4
Qxa2 28. Nc2 Qa5 29. h5 Rc4 30. Qe5 Qc7 31. Qxc7 Rxc7 32. Rd4 g6 33. h6 f6 34.
Ne3 Ra1+ 35. Kd2 Rb7 36. Ncd1 e5 37. fxe5 fxg5 38. Rxd5 Ra4 39. Kc3 Rh4 40. Nc4
Rc7 41. Ne3 Rxh6 42. b4 Rh3 43. Rd3 Rh1 44. b5 Rb1 45. Rd5 g4 46. Kc2 Rg1 47. b6
Rb7 48. Rd8+ Kg7 49. e6 Kf6 50. Rd7 Rb8 51. e7 Re8 52. Rd8 Rxe7 53. Nd5+ Ke6 54.
Rd6+ Kf7 55. Nxe7 g3 56. Nc6 g2 57. N4e5+ Kg7 58. Nf3 Rf1 59. Nce5 Rf2+ 60. Rd2 1-0

[Event "15th LCC Super Rapid 2025"]
[Site "London ENG"]
[Date "2025.12.07"]
[Round "9.16"]
[White "Roebers, Eline"]
[Black "Southcott-Moyers, Indy"]
[Result "1-0"]
[WhiteTitle "IM"]
[BlackTitle "FM"]
[WhiteElo "2392"]
[BlackElo "2272"]
[WhiteFideId "1058401"]
[BlackFideId "488542"]
[EventDate "2025.12.06"]

1. e4 e5 2. f4 d5 3. exd5 exf4 4. Nf3 Nf6 5. Bb5+ c6 6. dxc6 Nxc6 7. Nc3 Bd6 8.
Qe2+ Qe7 9. b3 O-O 10. Qxe7 Bxe7 11. Bb2 Bf5 12. O-O-O Rfd8 13. Rde1 Bf8 14.
Bxc6 bxc6 15. Ne5 Rac8 16. Rhf1 g5 17. g3 Bh3 18. Rg1 Bc5 19. gxf4 Bxg1 20. Rxg1
g4 21. Ne2 c5 22. Ng3 Kf8 23. Nf5 h5 24. Ba3 Nd7 25. Nd3 Rc6 26. Ng3 Kg8 27.
Nxh5 c4 28. Nf2 cxb3 29. axb3 Rg6 30. f5 Rh6 31. Nxh3 Rxh5 32. Rxg4+ Kh8 33. Ng5
Rg8 34. h4 f6 35. Bb2 Rf8 36. Rd4 Ne5 37. Re4 fxg5 38. Bxe5+ Kh7 39. hxg5 Rxg5
40. Rh4+ Kg8 41. Rh8+ Kf7 42. Rh7+ Ke8 43. Rxa7 Rfxf5 44. Bd4 Rg4 45. Be3 Rh4
46. Kb2 Rh1 47. b4 Rff1 48. Kc3 Rb1 49. Rc7 Kd8 50. Rc5 Kd7 51. b5 Rh4 52. Rd5+
Ke6 53. Rg5 Rbb4 54. Kd3 Kd7 55. c3 Rb1 56. Kc2 Rhh1 57. Rg7+ Kc8 58. b6 Rb5 59.
c4 Rb4 60. c5 Rhh4 61. Kd3 Rhc4 62. Ke2 Rb5 63. d3 Rc2+ 64. Kf3 Rc3 65. d4 Rbb3
66. Re7 Kd8 67. Re5 Kd7 68. Kf4 Rc4 69. Ke4 Rcc3 70. Rd5+ Kc8 71. Bf4 Rc2 72.
Rh5 Kb7 73. Kd5 1-0

[Event "15th LCC Super Rapid 2025"]
[Site "London ENG"]
[Date "2025.12.07"]
[Round "9.17"]
[White "Banerjee, Supratit"]
[Black "Mikhalevski, Victor"]
[Result "1-0"]
[WhiteTitle "FM"]
[BlackTitle "GM"]
[WhiteElo "2323"]
[BlackElo "2504"]
[WhiteFideId "2410079"]
[BlackFideId "2801914"]
[EventDate "2025.12.06"]

1. e4 e5 2. Nf3 Nc6 3. Bb5 a6 4. Ba4 b5 5. Bb3 Na5 6. O-O d6 7. d4 exd4 8. Nxd4
Bb7 9. c3 Nxb3 10. axb3 g6 11. Re1 Bg7 12. Qf3 Qe7 13. b4 Nf6 14. Bg5 O-O 15.
Nd2 Qe5 16. Bf4 Qh5 17. Qxh5 Nxh5 18. Be3 Nf6 19. f3 c5 20. bxc5 dxc5 21. N4b3
c4 22. Nc5 Bc8 23. Ra5 Nd7 24. Nxd7 Bxd7 25. Rea1 b4 26. e5 Bb5 27. Bd4 Rad8 28.
Ne4 Rd5 29. f4 Rfd8 30. Nc5 Rxd4 31. cxd4 Rxd4 32. Nxa6 Bxa6 33. Rxa6 Rxf4 34.
Ra8+ Bf8 35. Rc8 Kg7 36. Rc1 Re4 37. R1xc4 Rxe5 38. Kf2 h5 39. h4 Rd5 40. Ke2
Be7 41. R8c7 Kf8 42. Rb7 Re5+ 43. Kf3 Rf5+ 44. Rf4 Rd5 45. Re4 Rf5+ 46. Ke2 Bd6
47. Re3 Bc5 48. Rf3 Re5+ 49. Kd3 Be7 50. Re3 Rd5+ 51. Kc4 Rc5+ 52. Kd4 Bd6 53.
Rd7 Bf4 54. Kxc5 Bxe3+ 55. Kxb4 Bf2 56. Kc4 Bxh4 57. b4 Ke8 58. Rd3 Bf2 59. Kb5
Ke7 60. Kc6 f5 61. b5 Ke6 62. Rd6+ Kf7 63. b6 Bxb6 64. Kxb6 Kg7 65. Kc5 Kh6 66.
Kd4 h4 67. Ke3 Kg5 68. Kf3 Kh5 69. Kf4 Kh6 70. Ra6 Kh5 71. Ra8 1-0

[Event "15th LCC Super Rapid 2025"]
[Site "London ENG"]
[Date "2025.12.07"]
[Round "9.19"]
[White "Lohia, Sohum"]
[Black "Aizenberg, Benny"]
[Result "1/2-1/2"]
[WhiteTitle "IM"]
[BlackTitle "IM"]
[WhiteElo "2391"]
[BlackElo "2444"]
[WhiteFideId "5819369"]
[BlackFideId "2821125"]
[EventDate "2025.12.06"]

1. e4 c5 2. Nf3 d6 3. d4 cxd4 4. Nxd4 Nf6 5. Nc3 a6 6. Be2 e5 7. Nb3 Be7 8. Bg5
Nbd7 9. a4 b6 10. Bc4 Bb7 11. Qe2 O-O 12. O-O Qc7 13. Rfd1 Rfc8 14. Nd2 h6 15.
Bxf6 Nxf6 16. Bb3 Bc6 17. Nf1 Qb7 18. Nd5 b5 19. axb5 axb5 20. Rxa8 Rxa8 21.
Nxf6+ Bxf6 22. Ne3 Rd8 23. Bd5 Bg5 24. Bxc6 Qxc6 25. Nd5 Ra8 26. g3 Ra4 27. b3
Ra8 28. Qd3 Kf8 29. Nb4 Qc5 30. Qxd6+ Qxd6 31. Rxd6 Be7 32. Ra6 Rxa6 33. Nxa6
Bd6 34. c4 bxc4 35. bxc4 Ke8 36. c5 Be7 37. c6 Ba3 38. Kf1 Ke7 39. Ke2 Kd6 40.
c7 Kd7 41. Kd3 Bb2 42. f3 Bd4 43. Kc4 h5 44. h3 Bf2 45. g4 hxg4 46. hxg4 Bg1 47.
Kd5 Bh2 48. Nc5+ Kxc7 49. Nd3 Kd7 50. Nxe5+ Ke7 51. Nd3 Bc7 52. e5 g6 53. Nf2
Bb6 54. Ne4 Be3 55. Nd6 Bc1 56. Nc4 Bh6 57. Nb2 Bc1 58. Nd3 Bd2 59. f4 Be3 60.
f5 gxf5 61. gxf5 Bg5 62. Kc6 Bd2 63. Kc5 Be3+ 64. Kd5 Bg5 65. Nc5 Be3 66. Ne4
Bc1 67. Nd6 Bb2 68. Nc4 Bc3 69. f6+ Ke8 70. Nd6+ Kf8 71. Ke4 Bb2 72. Kf5 Bc3 73.
Ne4 Bb2 74. Ng5 Bc3 75. Nf3 Ke8 76. Ng5 Kf8 77. Ne4 Bd4 78. Nd2 Bc3 79. Nc4 Bd4
80. Kg5 Bc3 81. Kg4 Ke8 82. Nd6+ Kf8 83. Kf4 Bd4 84. Ke4 Bb2 85. Kd5 Bc3 86. Ne4
Bb2 87. Kd6 Ke8 88. Kd5 Kf8 89. Nc5 Ke8 90. Nd3 Bc3 91. Kc6 Bd4 92. Kd6 Bc3 93.
Nc5 Bb4 94. Kd5 Bc3 95. Nb7 Bb2 96. Nd6+ Kf8 97. Ke4 Bc3 98. Kf5 Bd4 99. Nxf7
Kxf7 100. e6+ Ke8 101. Kg6 Bxf6 102. Kxf6 Kf8 103. e7+ Ke8 104. Ke6 1/2-1/2

[Event "15th LCC Super Rapid 2025"]
[Site "London ENG"]
[Date "2025.12.07"]
[Round "9.20"]
[White "Mirzoeva, Elmira"]
[Black "Rendle, Thomas E"]
[Result "0-1"]
[WhiteTitle "WGM"]
[BlackTitle "IM"]
[WhiteElo "2298"]
[BlackElo "2370"]
[WhiteFideId "4127951"]
[BlackFideId "408760"]
[EventDate "2025.12.06"]

1. d4 f5 2. Nf3 Nf6 3. g3 g6 4. Bg2 Bg7 5. c4 O-O 6. O-O d6 7. Nc3 c6 8. Re1 Na6
9. e4 fxe4 10. Nxe4 Nxe4 11. Rxe4 Bf5 12. Re1 Qd7 13. Bg5 Rae8 14. Nh4 Bg4 15.
Qd2 e5 16. d5 c5 17. a3 Nc7 18. b4 b6 19. Be4 Rf7 20. f3 Bh3 21. Ng2 Ref8 22.
bxc5 bxc5 23. Rab1 Ne8 24. Rb8 Nf6 25. Rxf8+ Rxf8 26. Bxf6 Bxf6 27. Rb1 Qc7 28.
Ne1 Qe7 29. Nd3 Bg5 30. Qe2 Bf5 31. Nf2 Qf7 32. Kg2 h5 33. h4 Bh6 34. g4 Bc8 35.
Qd3 hxg4 36. Nxg4 Bxg4 37. fxg4 Qf2+ 38. Kh3 Be3 39. Qd1 g5 40. hxg5 Bxg5 41.
Qe1 Qxe1 42. Rc1 Qd1 43. Rxd1 Rf2 44. Re1 Rd2 45. Kg3 Ra2 46. Rb1 Bf4+ 47. Kf3
Rxa3+ 48. Kg2 Rc3 49. Rb7 Rxc4 50. Bf5 e4 51. Rxa7 Rc2+ 52. Kf1 Rc1+ 53. Kg2 e3
54. Re7 Be5 55. Kf3 Bd4 56. g5 Rf1+ 57. Kg4 Kf8 58. Re6 Be5 59. Bd3 Rf4+ 60. Kh5
c4 61. Be2 c3 62. Kg6 c2 63. Bb5 Kg8 64. Bd7 Bg7 65. Re8+ Bf8 66. Be6+ Kh8 67.
Rc8 e2 68. Rc7 Rh4 69. Rc8 Rf4 70. Bf7 Rxf7 71. Kxf7 e1=Q 72. Rxf8+ Kh7 73. g6+
Kh6 74. Rh8+ Kg5 75. g7 Qf2+ 76. Ke8 Qe3+ 77. Kf8 Qf4+ 78. Ke8 Qe5+ 79. Kf7 Qf6+
80. Ke8 Qxg7 0-1

[Event "15th LCC Super Rapid 2025"]
[Site "London ENG"]
[Date "2025.12.07"]
[Round "9.21"]
[White "Emms, John M"]
[Black "Haydon, David L"]
[Result "0-1"]
[WhiteTitle "GM"]
[BlackTitle "FM"]
[WhiteElo "2412"]
[BlackElo "2284"]
[WhiteFideId "400254"]
[BlackFideId "415405"]
[EventDate "2025.12.06"]

1. e4 e5 2. Nf3 Nc6 3. Nc3 Nf6 4. d4 exd4 5. Nxd4 Bc5 6. Be3 Bxd4 7. Bxd4 d6 8.
Qd2 Nxd4 9. Qxd4 O-O 10. O-O-O Qe7 11. f3 Be6 12. g4 Rfd8 13. g5 Nh5 14. Rg1 Rf8
15. h4 f6 16. Bc4 Bxc4 17. Qxc4+ Qf7 18. Qb4 b6 19. gxf6 Nxf6 20. Qd4 Rae8 21.
Rg5 h6 22. Rg2 Nh5 23. Rdg1 Re5 24. a3 Qxf3 25. Kb1 Kh7 26. Qc4 Qf7 27. Nd5 Qe6
28. Qxc7 Rf7 29. Qc3 Rxe4 30. Qd3 Kh8 31. Rg6 Qe5 32. Nc3 Re1+ 33. Rxe1 Qxe1+
34. Ka2 Nf4 35. Qc4 d5 36. Qc8+ Kh7 37. Rd6 Qxh4 38. Nxd5 Nxd5 39. Rxd5 Qf6 40.
Rd8 Qf5 41. Rh8+ Kg6 42. Qc6+ Rf6 43. Qg2+ Qg5 44. Qe4+ Kh5 45. Re8 Qf4 46. Qe2+
Kg6 47. Qd3+ Qf5 48. Qg3+ Kh7 49. Qb3 Rf7 50. Re3 Rc7 51. c4 h5 52. Rf3 Qe4 53.
Rc3 Rc5 54. Qd1 Qe6 55. b3 Re5 56. Rc2 Qf5 57. Rh2 g6 58. Rd2 Kh6 59. a4 Qf4 60.
Rd7 Rg5 61. Qa1 Rg2+ 62. Ka3 Qf8+ 63. b4 Qf3+ 0-1

[Event "15th LCC Super Rapid 2025"]
[Site "London ENG"]
[Date "2025.12.07"]
[Round "9.22"]
[White "Bazakutsa, Svyatoslav"]
[Black "Czopor, Maciej"]
[Result "1-0"]
[WhiteTitle "IM"]
[BlackTitle "IM"]
[WhiteElo "2478"]
[BlackElo "2463"]
[WhiteFideId "14198525"]
[BlackFideId "21805431"]
[EventDate "2025.12.06"]

1. c4 e6 2. Nf3 d5 3. e3 Nf6 4. b3 c5 5. Bb2 Nc6 6. cxd5 exd5 7. Be2 d4 8. Bb5
Bd6 9. Na3 O-O 10. Bxc6 bxc6 11. Nc4 Re8 12. h3 Bf5 13. O-O Bd3 14. Re1 Rb8 15.
Rc1 Bf8 16. exd4 Rxe1+ 17. Qxe1 Be4 18. Nce5 cxd4 19. Nxc6 Bxc6 20. Rxc6 Qa5 21.
Qe5 Qxe5 22. Nxe5 a5 23. Ra6 Bb4 24. Nc6 Re8 25. Bxd4 Nd5 26. Be3 f5 27. g3 Kf7
28. Nxa5 Bxa5 29. Rxa5 Ke6 30. Ra6+ Ke5 31. Kg2 Nf6 32. Ra5+ Ke4 33. Rb5 Kd3 34.
a4 Ne4 35. a5 Ra8 36. Rxf5 g6 37. Re5 Rb8 38. a6 Rxb3 39. a7 Ra3 40. Re8 1-0

[Event "15th LCC Super Rapid 2025"]
[Site "London ENG"]
[Date "2025.12.07"]
[Round "9.23"]
[White "Gasanov, Eldar"]
[Black "Sammed Jaykumar, Shete"]
[Result "1-0"]
[WhiteTitle "GM"]
[BlackTitle "IM"]
[WhiteElo "2447"]
[BlackElo "2377"]
[WhiteFideId "14104466"]
[BlackFideId "5073421"]
[EventDate "2025.12.06"]

1. d4 Nf6 2. c4 g6 3. Nc3 d5 4. Nf3 Bg7 5. e3 O-O 6. Bd2 b6 7. cxd5 Nxd5 8. Nxd5
Qxd5 9. Rc1 Ba6 10. Bxa6 Nxa6 11. Qa4 Qb7 12. Qc6 Qxc6 13. Rxc6 Rac8 14. Ke2 Nb8
15. Rc2 c6 16. e4 Rfd8 17. Be3 e6 18. Rhc1 Rd7 19. b4 Re8 20. a4 f5 21. e5 a6
22. b5 axb5 23. axb5 cxb5 24. Rc8 Rdd8 25. Rxd8 Rxd8 26. Ng5 Re8 27. Nxe6 Rxe6
28. Rc8+ Kf7 29. Rxb8 Rc6 30. Rb7+ Kf8 31. Kd3 b4 32. Bd2 b3 33. Bc3 g5 34. d5
Rc5 35. Bb4 Bxe5 36. Bxc5+ bxc5 37. Kc4 b2 38. Kxc5 h5 39. d6 Bxh2 40. Rxb2 Kf7
41. Kc6 Be5 42. Rb5 1-0

[Event "15th LCC Super Rapid 2025"]
[Site "London ENG"]
[Date "2025.12.07"]
[Round "9.24"]
[White "Hobson, Kenneth"]
[Black "Timmermans, Mark"]
[Result "0-1"]
[WhiteTitle "FM"]
[BlackTitle "IM"]
[WhiteElo "2307"]
[BlackElo "2409"]
[WhiteFideId "480819"]
[BlackFideId "1026399"]
[EventDate "2025.12.06"]

1. e4 e5 2. Nf3 Nc6 3. Bc4 Nf6 4. d3 Be7 5. a4 O-O 6. Nc3 d6 7. h3 Kh8 8. O-O
Ng8 9. d4 f5 10. dxe5 fxe4 11. Nxe4 Rxf3 12. exd6 cxd6 13. Bxg8 Rf8 14. Bb3 Bf5
15. Ng3 Bg6 16. Be3 Qc7 17. c3 Rae8 18. Bc2 Bxc2 19. Qxc2 d5 20. Rad1 Bf6 21.
Bc5 Ne7 22. Bxe7 Bxe7 23. Rxd5 Bc5 24. Ne4 Bb6 25. Rfd1 Qe7 26. a5 Bc7 27. f3
Qh4 28. Qd2 Rxe4 29. fxe4 Qg3 30. Rf5 Qh2+ 31. Kf1 Re8 32. Qd7 Rg8 33. Qd5 h6
34. e5 Rd8 35. Qxd8+ Bxd8 36. Rxd8+ Kh7 37. e6 Qc7 38. Rdd5 Kg6 39. Rfe5 Qe7 40.
Kg1 Kf6 41. Re2 b6 42. axb6 axb6 43. Rd7 Qc5+ 44. Kh2 Qc4 45. Rdd2 Ke7 46. Rd7+
Ke8 47. Rdd2 Ke7 48. g3 h5 49. Re3 Qc5 50. Re4 g5 51. Rde2 h4 52. gxh4 Qd6+ 53.
Kg2 gxh4 54. Rxh4 Qd3 55. Rhe4 b5 56. h4 Qd5 57. Kg3 Qh5 58. Rg4 Qh8 59. Ree4
Qb8+ 60. Kh3 Qa8 61. h5 Qa1 62. Kh4 Qh1+ 63. Kg5 Qf3 64. Rgf4 Qg2+ 65. Kf5 Qg7
66. Re5 Qh7+ 67. Kg4 Qg8+ 68. Kf3 Qa8+ 69. Ree4 Qd5 70. Rf7+ Ke8 71. Rh7 Qf5+
72. Ke3 Qxh7 73. e7 Qxh5 74. Kd4 Qh2 75. Re5 Qxb2 76. Re3 b4 77. Kc4 b3 78. Kd3
Qc2+ 79. Kd4 0-1

[Event "15th LCC Super Rapid 2025"]
[Site "London ENG"]
[Date "2025.12.07"]
[Round "9.25"]
[White "Camacho Collados, Jose"]
[Black "Richardson, John R"]
[Result "0-1"]
[WhiteTitle "IM"]
[BlackTitle "FM"]
[WhiteElo "2364"]
[BlackElo "2224"]
[WhiteFideId "2265427"]
[BlackFideId "401617"]
[EventDate "2025.12.06"]

1. d4 Nf6 2. Nf3 e6 3. Bg5 c5 4. e3 d5 5. Nbd2 Nbd7 6. c3 h6 7. Bh4 Be7 8. Bd3
b6 9. O-O Bb7 10. Ne5 Nxe5 11. dxe5 Nd7 12. Bxe7 Qxe7 13. f4 O-O 14. Qh5 f5 15.
g4 Qe8 16. Qh3 Qg6 17. Be2 Rad8 18. Kf2 fxg4 19. Bxg4 Nxe5 20. Bxe6+ Kh8 21. Rg1
Qc2 22. Rad1 d4 23. Bb3 dxe3+ 24. Qxe3 Nd3+ 25. Kg3 Qxb2 26. Nc4 Qxc3 27. Ne5
Be4 28. Nf7+ Rxf7 29. Bxf7 Bf5 30. Bh5 Qf6 31. Rd2 c4 32. Rgd1 Kh7 33. h3 Rd4
34. Bg4 Re4 35. Qf3 Rxf4 36. Qd5 Qg5 37. Rxd3 cxd3 38. Rxd3 Rxg4+ 39. hxg4 Qxg4+
40. Kf2 Bxd3 41. Qxd3+ Qg6 42. Qa6 Qf7+ 43. Kg3 h5 44. a4 Qd7 45. a5 Qg4+ 46.
Kh2 Qf4+ 47. Kg2 Qd2+ 48. Kh3 Qxa5 49. Qd3+ g6 50. Qd7+ Kh6 51. Qd8 Qa3+ 52. Kg2
Qb2+ 53. Kf3 a5 54. Qf8+ Qg7 55. Qf4+ Kh7 56. Qb8 Qf6+ 57. Kg2 Kh6 58. Qc7 a4
59. Kh3 b5 60. Qc1+ Qg5 61. Qb2 Qg4+ 62. Kh2 Qh4+ 63. Kg2 Qe4+ 64. Kh2 h4 65.
Qxb5 a3 66. Qa5 Qc2+ 67. Kh3 Qf5+ 0-1

[Event "15th LCC Super Rapid 2025"]
[Site "London ENG"]
[Date "2025.12.07"]
[Round "9.26"]
[White "McShane, Luke J"]
[Black "Lau, Lut Yin Luke"]
[Result "1-0"]
[WhiteTitle "GM"]
[BlackTitle "CM"]
[WhiteElo "2615"]
[BlackElo "2243"]
[WhiteFideId "404853"]
[BlackFideId "6002226"]
[EventDate "2025.12.06"]

1. e4 e5 2. Nf3 Nc6 3. Bc4 Nf6 4. d4 exd4 5. e5 d5 6. Bb5 Nd7 7. O-O Be7 8. Bxc6
bxc6 9. Nxd4 Nb8 10. Qf3 c5 11. Ne2 Nc6 12. Qg3 g6 13. Rd1 O-O 14. Bf4 f6 15.
exf6 Bxf6 16. Nbc3 Nd4 17. Bxc7 Qe7 18. Nxd4 Bxd4 19. Rxd4 cxd4 20. Bd6 Qd7 21.
Nxd5 Bb7 22. Bxf8 Rxf8 23. Nb4 a5 24. Nd3 Rc8 25. Rc1 Qa4 26. h4 Qxa2 27. h5 Qe6
28. Re1 Qf6 29. Ne5 Bd5 30. hxg6 hxg6 31. Nxg6 Kh7 32. Qh3+ 1-0

[Event "15th LCC Super Rapid 2025"]
[Site "London ENG"]
[Date "2025.12.07"]
[Round "9.27"]
[White "Jumabayev, Rinat"]
[Black "Quilter, Thomas A"]
[Result "1-0"]
[WhiteTitle "GM"]
[BlackTitle "CM"]
[WhiteElo "2560"]
[BlackElo "2162"]
[WhiteFideId "13702661"]
[BlackFideId "408530"]
[EventDate "2025.12.06"]

1. e4 d5 2. exd5 c6 3. d4 cxd5 4. Bd3 Nc6 5. c3 e5 6. dxe5 Nxe5 7. Nf3 Nxd3+ 8.
Qxd3 Nf6 9. O-O Be7 10. Re1 O-O 11. Bg5 h6 12. Bh4 Re8 13. Nbd2 Be6 14. Re2 Qb6
15. Nb3 Bg4 16. Rae1 Bxf3 17. Qxf3 Ne4 18. Bxe7 Rxe7 19. Qe3 Qxe3 20. Rxe3 Rd7
21. Rd1 Rad8 22. f3 Nf6 23. Kf2 Kf8 24. g4 g5 25. Nd4 h5 26. h4 gxh4 27. g5 Nh7
28. f4 Kg7 29. Nf5+ Kf8 30. Rh1 Kg8 31. Rxh4 Nf8 32. Rxh5 Ne6 33. Reh3 f6 34. g6 1-0

[Event "15th LCC Super Rapid 2025"]
[Site "London ENG"]
[Date "2025.12.07"]
[Round "9.28"]
[White "Royal, Shreyas"]
[Black "Van Pel, Gerben"]
[Result "1-0"]
[WhiteTitle "GM"]
[WhiteElo "2495"]
[BlackElo "1979"]
[WhiteFideId "448869"]
[BlackFideId "1068423"]
[EventDate "2025.12.06"]

1. Nf3 Nf6 2. c4 g6 3. Nc3 Bg7 4. e4 d6 5. d4 O-O 6. Be2 e5 7. O-O Nc6 8. d5 Ne7
9. b4 a5 10. bxa5 Rxa5 11. a4 Nh5 12. Re1 f5 13. Ra3 Nf6 14. Bd2 Ra8 15. Bd3 Nd7
16. Bc2 Nc5 17. a5 f4 18. Na4 Nxa4 19. Bxa4 Bf6 20. Bb4 g5 21. Nd2 g4 22. Qc2
Ng6 23. c5 f3 24. cxd6 cxd6 25. g3 Bg5 26. Nc4 Rf6 27. Nb6 Rb8 28. Rc3 Ne7 29.
Rc7 Rh6 30. h4 Bxh4 31. gxh4 Nc6 32. h5 Qh4 33. Rxc6 Bd7 34. Nxd7 Qh3 35. Nf6+
Kf7 36. Rc7+ Kxf6 37. Rf7+ Kxf7 38. Qc7+ Kf6 39. Qxd6+ Kg5 40. Qxe5+ Kh4 41.
Be7+ Rf6 42. Bxf6# 1-0

[Event "15th LCC Super Rapid 2025"]
[Site "London ENG"]
[Date "2025.12.07"]
[Round "9.29"]
[White "Dasgupta, Avyukt"]
[Black "Badacsonyi, Stanley"]
[Result "0-1"]
[WhiteTitle "CM"]
[BlackTitle "FM"]
[WhiteElo "2145"]
[BlackElo "2316"]
[WhiteFideId "480630"]
[BlackFideId "486973"]
[EventDate "2025.12.06"]

1. e4 e6 2. d4 d5 3. Bd3 dxe4 4. Bxe4 Nf6 5. Bf3 c5 6. Ne2 Nc6 7. Be3 cxd4 8.
Nxd4 Ne5 9. Nc3 a6 10. Qe2 Qc7 11. O-O Nxf3+ 12. Nxf3 Be7 13. Bd4 O-O 14. Be5
Qb6 15. Bd4 Qc7 16. Be5 Qa5 17. Rad1 Nd7 18. Bd6 Bxd6 19. Rxd6 Qb4 20. Rfd1 Qxb2
21. Qe3 Nf6 22. Rd8 Qb4 23. Rxf8+ Qxf8 24. Qb6 Bd7 25. Ne5 Qc8 26. Rd3 Bc6 27.
Rd6 Be8 28. Rd3 Qb8 29. f4 Qa7 30. Qxa7 Rxa7 31. Rd8 Kf8 32. a4 b6 33. Ne2 Rc7
34. Nd4 Ke7 35. Ra8 Nd5 36. Rxa6 f6 37. Nd3 Rc4 38. Ra7+ Bd7 39. Nb5 Rxc2 40. a5
bxa5 41. Rxa5 Ne3 42. Ra7 Rxg2+ 43. Kh1 Rd2 0-1